000 00804nam a2200241Ia 4500
003 OSt
005 20220923213819.0
006 a|||||r|||| 00| 0
007 ta
008 220922b |||||||| |||| 00| 0 hin d
024 _a164,780
037 _cTextual
040 _aARTS
_cARTS
_bhin
041 _2hin
_ahin
082 _aO152,1M96:g, K2
100 _aटंडन, प्रेमनारायण, संपा.
245 0 _aनिराला
_b व्यक्तित्व ओर कृतित्व
246 _aNirālā: vyaktitva or kṛutitva
260 _c1962
650 _aहिन्दी साहित्य
_9156264
942 _hO152,1M96:g, K2
_cTEXL
_2CC
999 _c319259
_d319259